000 01235nam0a22003131 4500
001 rc\3512044
005 20250610030418.0
021 _aRU
_b[73-44352]
035 _a(NLR Aleph) 007657787
090 _a6298614
_c6298614
100 _a20130115d1973 |||y0rusy50 ca
101 0 _arus
102 _aRU
105 _aa z |||||
200 1 _aБорьба с пожарами на объектах народного хозяйства в условиях ядерного поражения
210 _aМосква
_cВоениздат
_d1973
215 _a222 с.
_cил.
_d20
225 1 _aГражданская оборона СССР
300 _aНа 3-й с. авт.: Авакимов С.С., канд. техн. наук Боданский М.Д., Бушуй М.И. и др.
320 _aСписок лит.: с. 217-218 (21 назв.)
606 _aПожарная охрана в условиях применения средств массового поражения
_2psbo
701 1 _aБоданский
_bМ.Д.
701 1 _aАвакимов
_bС.С.
701 1 _aБушуй
_bМ.И.
801 0 _aRU
_bNLR
_gpsbo
801 1 _aRU
_bELAR
_2rusmarc
852 _aNLR
_j73-3/3947
942 _cBOOK
980 _aNB